Mort subite Le nombre de Miss France par région - Statistiques

Statistiques générales
  • Ce quiz a été pris 134 fois
  • Le résultat moyen est 3 sur 15
Answers on the Grid
Answers color-coded by a green-red scale on the quiz's grid according to % correct below.
Ile-de-France - 16 titres
Nouvelle-Aquitaine - 10 titres
Grand Est - 9 titres
Hauts-de-France - 7 titres
Auvergne-Rhône-Alpes - 7 titres
Normandie - 4 titres
Bretagne - 6 titres
Occitanie - 6 titres
Provence-Alpes-Côte-d'Azur - 8 titres
Guadeloupe - 4 titres
Tahiti - 3 titres
Bourgogne-Franche-Comté - 4 titres
Pays de la Loire - 1 titre
Réunion - 2 titres
Guyane - 1 titre
Centre-Val de Loire - 2 titres
Nouvelle-Calédonie - 1 titre
Corse - 1 titre
Martinique - 2 titres
Mayotte - 0 titre
Saint-Pierre-et-Miquelon - 0 titre
Wallis-et-Futuna - 1 titre
Saint-Martin et Saint-Barthélemy - 0 titre
 
Statistiques - réponses
Réponse % Correct
Mayotte - 0 titre
44%
Ile-de-France - 16 titres
43%
Saint-Martin et Saint-Barthélemy - 0 titre
33%
Guadeloupe - 4 titres
31%
Saint-Pierre-et-Miquelon - 0 titre
31%
Guyane - 1 titre
30%
Corse - 1 titre
28%
Grand Est - 9 titres
13%
Nouvelle-Aquitaine - 10 titres
13%
Auvergne-Rhône-Alpes - 7 titres
11%
Réunion - 2 titres
11%
Bourgogne-Franche-Comté - 4 titres
8%
Bretagne - 6 titres
8%
Nouvelle-Calédonie - 1 titre
8%
Occitanie - 6 titres
7%
Aucun quiz correspondant
Distribution des résultats
% des personnes avec chaque résultat
Percentile par nombre de réponses
Votre historique - résultats
Vous n’avez pas pris ce quiz